Name the Georgia City - Statistics

General Stats
  • This quiz has been taken 18 times
  • The average score is 10 of 12
Answer Stats
Picture Answer % Correct
Athens
100%
Atlanta
100%
Savannah
100%
Augusta
89%
Columbus
89%
Macon
89%
Brunswick
78%
Marietta
78%
Valdosta
78%
Albany
67%
Tybee Island
56%
Tifton
33%
No matching quizzes found
Score Distribution
Percent of People with Each Score
Percentile by Number Answered
Your Score History
You have not taken this quiz